000 00659nam a22002297a 4500
005 20170124110044.0
010 _a780052
020 _c20.00
035 _a780052
037 _bCen Lib/Ret
040 _aDPL
_bEN
082 _a881
_bROE
100 _aRoethke, Theodore
_924307
245 _aThe colleted poems of theodore roethke
_cby Theodore Thoethke
260 _aBombay
_bAllied Publishers
_c1961
270 _bBombay
_a15, graahn road ballard estate
_e400038
300 _axi, 279p.
_c21cm(Hb)
500 _aIncludes index
650 _aLatin literature
_924308
650 _aPoetry
_924309
942 _2ddc
_cEN
_h881
_mROE
999 _c128747
_d128747